| 000 | 00519nam a2200193Ia 4500 | ||
|---|---|---|---|
| 008 | 160803s9999 xx 000 0 und d | ||
| 020 | _a978-0590454414 | ||
| 100 | _aMcGovern, Ann | ||
| 245 | _aRobin Hood of Sherwood Forest / | ||
| 245 | _cby Ann McGovern. Illustrated by Tracy Sugerman. | ||
| 260 | _aNew York : | ||
| 260 | _bScholastic Inc. | ||
| 260 | _c1968 | ||
| 300 | _a128 pages : | ||
| 300 | _billustrations ; | ||
| 300 | _c20 cm. | ||
| 650 | _aRobin Hood -- (Legendary character) | ||
| 700 | _a1050 | ||
| 999 |
_c298083 _d298083 |
||